000 00255nam a2200097Ia 4500
001 641665
005 20250826153511.0
008 250824s9999 xx 000 0 und d
245 0 _aALTIN IŞIK GENÇLİK KLASİKLERİ
_cZİYA GÖKALP
260 _bTİMAŞ ÇOCUK
999 _c641665
_d641665